LEADER 01535nam a2200325 i 4500 001 000000167581 003 CaOOAMICUS 005 20071205000000.0 008 071205s1971 it u000 u mul u 013 $a144980 040 $aSeMil$bita 100 1 $aConte, Pietro <1977- >.$0(OLS)http://semarc/name/90394 245 10$aChiesa e primato nelle lettere dei papi del secolo 7. :$bcon appendice critica /$cPietro Conte. 260 $aMilano :$bVita e Pensiero,$ccopyr. 1971. 300 $aXV, 586 p. ;$c22 cm. 490 0 $aSaggi e ricerche. Ser. 3., Scienze storiche ;$v4 490 0 $aSaggi e ricerche 500 $aContiene : Bibliografia. - Fondo card. Giovanni Colombo. 650 4$aPapa - Primato.$0(OLS)http://semarc/subject/4311 650 4$aChiesa cattolica - Storia - Sec. 7. - Fonti.$0(OLS)http://semarc/subject/31941 650 4$aPapato - Storia - Sec. 7.$0(OLS)http://semarc/subject/31942 650 4$aPapa - Primato - Storia.$0(OLS)http://semarc/subject/9210 830 0$aSaggi e ricerche. Ser. 3., Scienze storiche ;$v4.$0(OLS)http://semarc/title/18391 830 0$aSaggi e ricerche.$0(OLS)http://semarc/title/11063 850 $aSeMil 852 $aSeMil$W1$xVenegono$y1$m3T IV 62 °$j118732$B118732$CSeMilBibl$Z2$F130445 $81 941 1 $a3 961 $aLascito: Colombo Card. Giovanni 996 $6245$aChiesa e primato nelle lettere dei papi del secolo 7. :$bcon appendice critica$9(OLS)http://semarc/title/239745 996 $6260$aMilano :$bVita e Pensiero$9(OLS)http://semarc/publisher/29642 LEADER 01198nam a2200253 i 4500 001 000000064641 003 CaOOAMICUS 005 20210507120058.0 008 131011s1968 xx u000 u ger u 013 $a35813 040 $aSeMil$bita 100 1 $aVogt, Hermann-Joseph <1932-2015>.$0(OLS)http://semarc/name/90063 245 10$aCoetus Sanctorum :$bder Kirchenbegriff des Novatian und die Geschichte seiner Sonderkirche /$cvon Hermann Joseph Vogt. 264 1$aBonn :$bPeter Hanstein,$c1968. 300 $a307 p. ;$c25 cm. 490 1 $aTheophaneia : Beiträge zur Religions-und Kirchengeschichte des Altertums ;$v20 600 04$aNovaziano .$0(OLS)http://semarc/subject/50371 650 4$aChiesa - Storia - Origini.$0(OLS)http://semarc/subject/1096 830 0$aTheophaneia ;$v20.$0(OLS)http://semarc/title/10667 850 $aSeMil 852 $aSeMil$W1$xVenegono$y1$m2M IV 369$j30794$B30794$CSeMilBibl$Z2$F30797 $81 996 $6245$aCoetus Sanctorum :$bder Kirchenbegriff des Novatian und die Geschichte seiner Sonderkirche$9(OLS)http://semarc/title/102408 996 $6264$aBonn :$bPeter Hanstein$9(OLS)http://semarc/publisher/37956